Filme und Serien schlecht umschrieben - Statistiken

Allgemein
  • Dieses Quiz wurde 1.865 mal gespielt
  • Das Durchschnittsergebnis liegt bei 6 aus 15
Antwortstatistiken
Hint Antwort % Korrekt
Zwei Räuber werden von einem kleinen Kind (alleine) fertig gemacht. Kevin allein Zuhaus
84%
Labertasche braucht 9 Staffeln um zu erzählen, wie er seine Frau kennengelernt hat, die mittlerweile sowieso gestorben ist. How I met your Mother
79%
Schwesternliebe lässt jedes Eis schmelzen. Die Eiskönigin/Frozen
71%
Ein reicher und eingebildeter Mann wird entführt und baut sich selbst eine Rüstung. Ironman
70%
Idiotischer Rotschopf erbt ein Restaurant, kann nicht kochen und verstößt dabei gegen alle möglichen Hygienemaßnahmen die es gibt. Ratatouille
50%
Ein 18-järiges Mädchen kann sich nicht entscheiden ob sie einen Hund und eine Leiche liebt. Twilight
50%
Ein großer bärtiger Mann entführt ein Kind und sorgt dafür, dass der Junge lernt mit einem Stock zu kämpfen. Harry Potter
45%
Illegaler Immigrant wird von den Behörden verfolgt obwohl er einfach nur nach Hause will. E.T.
31%
Ein alter Mann entführt einen etwas übergewichtigen asiatischen Jungen, um seine Frau zu ersetzen Oben/Up
31%
Ein Buchstabe jagt einer Gruppe von Mädchen eine rießen Angst ein. Pretty Little Liars
30%
ADHS und Legasthenie helfen einem Kind um gegen Monster zu kämpfen. Percy Jackson
20%
Ein schrecklicher Milliardär terrorisiert einen mental unstabilen Mann. Batman
18%
Alleinerziehender Vater will die Hungersnot mit seiner Steinsammlung stoppen. Avengers Infinity War
11%
Ein Kind, dass an der Wand krabbelt kämpft gegen einen fliegenden Erwachsenen. Spiderman Homecoming
11%
Ein Mann zerstört seinen eigenen Planeten, weil er ihn nicht mit seiner Schwester teilen will nachdem sie sein Lieblingsspielzeug zerstört hat Thor Ragnarok
5%
Keine übereinstimmenden Quizze gefunden
Verteilung der Resultate
Anzahl Personen mit jedem Resultat
Perzentil nach korrekt beantworteten Fragen
Ihre Resultats-Entwicklung
Sie haben dieses Quiz noch nicht gespielt